Human rights and European Law. Building new legal orders

Kaydedildi:
Detaylı Bibliyografya
Yazar: Arden, Mary (Yazar)
Materyal Türü: Kitap
Dil:İngilizce
Baskı/Yayın Bilgisi: Oxford, United Kingdom Oxford University Press 2015
Konular:
Online Erişim:Disponible Online
Etiketler: Etiketle
Etiket eklenmemiş, İlk siz ekleyin!

MARC

LEADER 00000cam a2200000 a 4500
001 UCC9115
003 CL-VaPUC
005 20210728001821.0
008 190904e20150000uk |||||||||||||||||eng|d
999 |c 375309  |d 375307 
020 |a 9780198728573 
040 |c Pontificia Universidad Católica de Valparaíso 
082 0 4 |a 342.4085 ARD 2015  |2 21 
100 0 |a Arden, Mary  |e author  |9 603986 
245 1 0 |a Human rights and European Law.  |b Building new legal orders 
260 |a Oxford, United Kingdom   |b Oxford University Press  |c 2015 
300 |a 347 páginas  
583 |a last modification  |c 20190904 15:40:00  |k Rodrigo Vera 
650 0 |a Derechos humanos  |9 223025  |v Protección  
650 0 |a Derecho europeo  |9 391498 
856 |u https://oxford-universitypressscholarship-com.pucv.idm.oclc.org/view/10.1093/acprof:oso/9780198728573.001.0001/acprof-9780198728573?rskey=Qv9f5Y&result=2  |y Disponible Online  
942 |c BK  |2 ddc 
945 |d 20190904 15:40:00  |a dcastane 
952 |0 0  |1 0  |3 erd  |4 0  |6 342_408500000000000_ARD_2015  |7 0  |8 WP_COW  |9 561257  |a BIBDER  |b BIBDER  |e Fundación W and P Cowley  |h v.1  |i 5598990  |o 342.4085 ARD 2015  |p 5598990  |r 2023-01-25  |w 2020-03-12  |y BK  |z Catalogado en:20190904  |k WPC